| 000 | 00864nam a2200253Ia 4500 | ||
|---|---|---|---|
| 003 | OSt | ||
| 005 | 20221005113225.0 | ||
| 006 | a|||||r|||| 00| 0 | ||
| 007 | ta | ||
| 008 | 221004b |||||||| |||| 00| 0 pan d | ||
| 020 | _cIndian Rupees 300 | ||
| 024 | _a38623 | ||
| 037 |
_bGift, 16/07/2018, _cTextual |
||
| 040 |
_aCRL _cCRL _bpan |
||
| 041 |
_2pan _apan |
||
| 082 | _aQ, 153Q4 | ||
| 100 |
_aਸਿੱਧੂ, ਗੁਰਮੀਤ ਸਿੰਘ, ਂਚ. _9156325 |
||
| 245 | 0 |
_aਧਰਮ _b ਆਧੁਨਿਕ ਅਤੇ ਉਤਰਆਧੁਨਿਕ ਸਿਧਾਂਤ |
|
| 260 |
_aਪਟਿਆਲਾ _bਗੁਰਗਿਆਨ ਭਾਰਤ _c2014 |
||
| 300 |
_a232ਪ0 _ccm. |
||
| 650 | _aਧਰਮ | ||
| 942 |
_hQ, 153Q4 _cTEXL _2cc |
||
| 999 |
_c1027454 _d1027454 |
||